<?xml version="1.0" encoding="UTF-8"?>
<record
    xmlns:xsi="http://www.w3.org/2001/XMLSchema-instance"
    xsi:schemaLocation="http://www.loc.gov/MARC21/slim http://www.loc.gov/standards/marcxml/schema/MARC21slim.xsd"
    xmlns="http://www.loc.gov/MARC21/slim">

  <leader>01516nam a2200313 a 4500</leader>
  <controlfield tag="001">BRCA_4980</controlfield>
  <controlfield tag="005">20190320204903.0</controlfield>
  <controlfield tag="008">271010s1699----it-######v---#000-0#spa-#</controlfield>
  <datafield tag="041" ind1=" " ind2=" ">
    <subfield code="a">spa</subfield>
  </datafield>
  <datafield tag="044" ind1=" " ind2=" ">
    <subfield code="a">mx</subfield>
  </datafield>
  <datafield tag="084" ind1=" " ind2=" ">
    <subfield code="a">DOC67</subfield>
    <subfield code="b">.I56</subfield>
    <subfield code="c">1699</subfield>
  </datafield>
  <datafield tag="100" ind1="1" ind2=" ">
    <subfield code="a">Inocencio</subfield>
    <subfield code="b">XII</subfield>
    <subfield code="c">Papa</subfield>
    <subfield code="d">1615-1700</subfield>
    <subfield code="9">12678</subfield>
  </datafield>
  <datafield tag="245" ind1="1" ind2="0">
    <subfield code="a">Documento expedido por el Papa Inocencio XII</subfield>
    <subfield code="c">Inocencio XII ; Ju&#xE0;n Francisco Albano ; traducci&#xF3;n de Antonio Graci&#xE1;n.</subfield>
  </datafield>
  <datafield tag="260" ind1=" " ind2=" ">
    <subfield code="a">Santa Mar&#xEC;a la Mayor, Roma</subfield>
    <subfield code="c">1699</subfield>
  </datafield>
  <datafield tag="300" ind1=" " ind2=" ">
    <subfield code="a">[7] fojas</subfield>
    <subfield code="c">31 x 22 cm.</subfield>
  </datafield>
  <datafield tag="500" ind1=" " ind2=" ">
    <subfield code="a">Documento firmado en la Bas&#xED;lica de Santa Mar&#xED;a la Mayor el  14 de julio de 1699.</subfield>
  </datafield>
  <datafield tag="500" ind1=" " ind2=" ">
    <subfield code="a">Breve del Papa Inocencio XII en el que se otorga  al Rey espa&#xF1;ol un mill&#xF3;n de ducados de plata para defender de ciertas escuadras de escoceses herejes las Plazas de Am&#xE9;rica.</subfield>
  </datafield>
  <datafield tag="500" ind1=" " ind2=" ">
    <subfield code="a">Documento firmado por el Cardenal Ju&#xE1;n Francisco Albano y traducido al espa&#xF1;ol por Antonio Graci&#xE1;n.</subfield>
  </datafield>
  <datafield tag="500" ind1=" " ind2=" ">
    <subfield code="a">El documento contiene  la leyenda DOC. #77.</subfield>
  </datafield>
  <datafield tag="506" ind1="0" ind2=" ">
    <subfield code="a">Fondo Reservado. Para su consulta es necesario credencial de usuario y carta de motivos.</subfield>
  </datafield>
  <datafield tag="546" ind1=" " ind2=" ">
    <subfield code="a">Texto en : espa&#xF1;ol de finales del siglo XVII traducido del lat&#xED;n.</subfield>
  </datafield>
  <datafield tag="600" ind1="1" ind2="4">
    <subfield code="a">Inocencio,</subfield>
    <subfield code="b">XII,</subfield>
    <subfield code="c">Papa,</subfield>
    <subfield code="d">1615-1700</subfield>
    <subfield code="x">Historia</subfield>
    <subfield code="9">12679</subfield>
  </datafield>
  <datafield tag="650" ind1="1" ind2="4">
    <subfield code="a">Documentos legales</subfield>
    <subfield code="x">Curia romana</subfield>
    <subfield code="z">Roma.</subfield>
    <subfield code="9">12680</subfield>
  </datafield>
  <datafield tag="651" ind1=" " ind2="4">
    <subfield code="a">M&#xE9;xico</subfield>
    <subfield code="x">Historia</subfield>
    <subfield code="y">Colonia,1521-1821</subfield>
    <subfield code="9">12461</subfield>
  </datafield>
  <datafield tag="700" ind1="1" ind2=" ">
    <subfield code="a">Albano, Juan Francisco.</subfield>
    <subfield code="c">Cardenal.</subfield>
    <subfield code="9">12681</subfield>
  </datafield>
  <datafield tag="700" ind1="1" ind2=" ">
    <subfield code="a">Graci&#xE1;n, Antonio</subfield>
    <subfield code="c">Escribano.</subfield>
    <subfield code="9">12682</subfield>
  </datafield>
  <datafield tag="902" ind1=" " ind2=" ">
    <subfield code="a">FDH</subfield>
  </datafield>
  <datafield tag="942" ind1=" " ind2=" ">
    <subfield code="2">lcc</subfield>
    <subfield code="c">D</subfield>
  </datafield>
  <datafield tag="999" ind1=" " ind2=" ">
    <subfield code="c">4674</subfield>
    <subfield code="d">4674</subfield>
  </datafield>
  <datafield tag="952" ind1=" " ind2=" ">
    <subfield code="0">0</subfield>
    <subfield code="1">0</subfield>
    <subfield code="4">0</subfield>
    <subfield code="7">0</subfield>
    <subfield code="a">BRCA</subfield>
    <subfield code="b">BRCA</subfield>
    <subfield code="d">2010-10-27</subfield>
    <subfield code="l">0</subfield>
    <subfield code="o">DOC67 .I56 1699</subfield>
    <subfield code="p">5061</subfield>
    <subfield code="r">2019-03-22 00:00:00</subfield>
    <subfield code="w">2019-03-22</subfield>
    <subfield code="y">D</subfield>
  </datafield>
</record>
